000 00702nam a2200229Ia 4500
003 OSt
005 20220923212034.0
006 a|||||r|||| 00| 0
007 ta
008 220922b |||||||| |||| 00| 0 hin d
024 _a150,164
037 _cTextual
040 _aARTS
_cARTS
_bhin
041 _2hin
_ahin
082 _a71:M7, 152K8
100 _aजोशी, इलाचन्द्र
_9156270
245 0 _aमहान प्रेमी और उनकी प्रेमिकाएं
246 _ahinān premī aur unakī premikāean
260 _c1968
942 _h71:M7, 152K8
_cTEXL
_2CC
999 _c305844
_d305844